Adaptive Mobility and Resource Management for 4G Wireless Inter networking (Record no. 9201)

000 -LEADER
fixed length control field 00667 a2200181 4500
003 - CONTROL NUMBER IDENTIFIER
control field NUST
038 ## - RECORD CONTENT LICENSOR
Staff Name a
082 ## - DEWEY DECIMAL CLASSIFICATION NUMBER
Classification number BICSE-1
100 ## - MAIN ENTRY--PERSONAL NAME
Personal name M. Tayyab Malik
9 (RLIN) 93100
245 ## - TITLE STATEMENT
Title Adaptive Mobility and Resource Management for 4G Wireless Inter networking
Statement of responsibility, etc. M. Tayyab Malik & Raja Farhan Khurshid.
260 ## - PUBLICATION, DISTRIBUTION, ETC.
Place of publication, distribution, etc. Isalamabad,
Name of publisher, distributor, etc. NUST School of Electrical Engineering & Computer Science,
Date of publication, distribution, etc. 2007.
300 ## - PHYSICAL DESCRIPTION
Extent xii, 99 p. :
Other physical details ill. ;
Dimensions 27 cm. +
Accompanying material CD-ROM
500 ## - GENERAL NOTE
General note Supervisors : Dr. N D Gohar, Dr. Shahzad A Malik.
563 ## - BINDING INFORMATION
Binding note a
700 ## - ADDED ENTRY--PERSONAL NAME
Personal name Raja Farhan Khurshid.
9 (RLIN) 93101
856 ## - ELECTRONIC LOCATION AND ACCESS
Uniform Resource Identifier <a href="http://10.250.8.41:8080/xmlui/handle/123456789/8476">http://10.250.8.41:8080/xmlui/handle/123456789/8476</a>
942 ## - ADDED ENTRY ELEMENTS (KOHA)
Koha item type Thesis
Call number prefix BICSE-1 TAY
Source of classification or shelving scheme
Holdings
Withdrawn status Lost status Source of classification or shelving scheme Damaged status Not for loan Permanent Location Current Location Date acquired Full call number Barcode Date last seen Price effective from Koha item type
WITHDRAWN         Central Library (CL) Central Library (CL) 07/05/2022 BICSE-1 TAY SEECSP00037 11/14/2012 11/14/2012 Project Report
© 2023 Central Library, National University of Sciences and Technology. All Rights Reserved.